| 000 | 00703nam a2200229 u 4500 | ||
|---|---|---|---|
| 005 | 20210223131118.0 | ||
| 008 | 091001s2006 r 000 0 eng d | ||
| 020 | _a968859556X | ||
| 035 | _aUPN01000172797 | ||
| 049 | _aCG | ||
| 050 | 4 |
_aGN330 _bP3.3p 2006 |
|
| 100 | 1 |
_aPalerm, Angel, _d1917-1980 |
|
| 245 | 1 | 0 |
_aHistoria de la etnología : _blos precursores / _cAngel Palerm. |
| 250 | _a3a ed. | ||
| 260 |
_aMéxico : _bUniversidad Iberoamericana, _c2006. |
||
| 300 | _a298 p. | ||
| 440 | 0 | _aTeoría social | |
| 590 | 0 | _a"Bibliografía básica (BGTQ) , 2010" | |
| 590 | 0 | _a(También localizas un ejemplar en el "Area de reserva") | |
| 650 | 4 |
_aETNOLOGIA - _xHISTORIA _913978 |
|
| 905 | _aLibro | ||
| 999 |
_c144901 _d144901 |
||